000 00739cam a22002653a 4500
001 30767
003 PGUSA
005 20140828083651.0
008 091226s2009||||xxu|||||s|||||000 1 eng d
040 _aPGUSA
_beng
042 _adc
050 4 _aPS
100 1 _aNeville, Kris,
_d1925-1980
245 1 0 _aNew Apples in the Garden
_h[electronic resource] /
_cKris Neville
260 _bProject Gutenberg,
_c2009
506 _aPublic domain in the USA.
516 _aElectronic text
653 _aEngineers -- Fiction
653 _aShort stories
653 _aScience fiction
700 1 _aSchelling, George Luther,
_d1938-
830 0 _aProject Gutenberg
_v30767
856 4 0 _uhttp://www.gutenberg.org/ebooks/30767
942 _cEB
999 _c260022
_d260022